Melastomataceae from the Serra do Rola-Moça State Park, Minas Gerais, Brazil (Registro n. 339586)
[ somente texto ]
| 000 -LÍDER | |
|---|---|
| fixed length control field | 02760nab a2200289 i 4500 |
| 003 - CÓDIGO MARC DA AGÊNCIA CATALOGADORA | |
| Campo de controle | BR-BrBNA |
| 005 - DATA E HORA DA ÚLTIMA ATUALIZAÇÃO | |
| Campo de controle | 20251225155815.0 |
| 008 - CAMPO DE TAMANHO FIXO | |
| fixed length control field | 251225b2024 bl.ar|pooa||| 00| 0 eng | |
| 040 ## - FONTE DA CATALOGAÇÃO | |
| Agência catalogadora | BR-BrBNA |
| Idioma da catalogação | eng |
| 072 ## - CATEGORIA AGRIS | |
| Código AGRIS | F70 |
| 100 ## - ENTRADA PRINCIPAL - NOME PESSOAL | |
| Nome pessoal | Rocha, Maria José Reis da |
| 100 ## - ENTRADA PRINCIPAL - NOME PESSOAL | |
| Nome pessoal | Santos, Amanda Alves |
| 100 ## - ENTRADA PRINCIPAL - NOME PESSOAL | |
| Nome pessoal | Fonseca, Ana Paula Morais |
| 100 ## - ENTRADA PRINCIPAL - NOME PESSOAL | |
| Nome pessoal | Lopes, Ariadne Dias Caldas |
| 100 ## - ENTRADA PRINCIPAL - NOME PESSOAL | |
| Nome pessoal | Silva, Diego Nunes da |
| 245 ## - TÍTULO PRINCIPAL | |
| Título principal | Melastomataceae from the Serra do Rola-Moça State Park, Minas Gerais, Brazil |
| 500 ## - NOTA GERAL | |
| Nota geral | Publicação on-line; 41 ref.; 5 illus.; Summaries (En, Pt) |
| 942 ## - ADDED ENTRY ELEMENTS (KOHA) | |
| Koha item type | Analítica |
| 520 ## - NOTA DE RESUMO | |
| Nota de conteúdo | <br/><br/>Abstract<br/><br/>The Serra do Rola-Moça State Park is located in the central southern portion of the Espinhaço Range, in a<br/>region known as the Iron Quadrangle in Minas Gerais, Brazil. Here, we provide a list of Melastomataceae<br/>species recorded in the main vegetation types found in the park, along with identification keys and illustrated<br/>plates portraying them. Currently, 60 species in eight genera have been catalogued for the park. Miconia is<br/>the richest genus in the area (24 spp.), followed by Microlicia (19 spp.), Pleroma (eight spp.), Cambessedesia<br/>(three spp.), Chaetogastra and Fritzschia (two species each), and Marcetia and Macairea with one species each.<br/><br/>Key words: endemism, floristic inventory, Iron Quadrangle, Miconia, Microlicia.<br/><br/><br/><br/><br/>Resumo<br/><br/>O Parque Estadual da Serra do Rola-Moça é uma Unidade de Conservação Brasileira localizada na porção<br/>centro-sul da Serra do Espinhaço, na região conhecida como Quadrilátero Ferrífero, no estado de Minas<br/>Gerais. Aqui apresentamos as espécies de Melastomataceae que são encontradas no Parque Estadual da<br/>Serra do Rola-Moça em uma listagem que indica os tipos de vegetação onde as espécies são encontradas e<br/>seus hábitos. Também fornecemos uma chave de identificação e fotos das espécies em campo. Atualmente,<br/>60 espécies e oito gêneros foram catalogados. Miconia é o gênero mais rico, com 24 espécies, seguido por<br/>Microlicia (19 espécies), Pleroma (oito espécies), Cambessedesia (três espécies), Chaetogastra e Fritzschia<br/>(duas espécies cada), Marcetia e Macairea (uma espécie cada).<br/><br/>Palavras-chave: endemismo, inventário florístico, Miconia, Microlicia, Quadrilátero Ferrífero. |
| 650 ## - ASSUNTO - THESAGRO | |
| Cabeçalho tópico ou nome geográfico | INVENTÁRIO |
| 650 ## - ASSUNTO - THESAGRO | |
| Cabeçalho tópico ou nome geográfico | MICONIA CANDOLLEANA |
| 650 ## - ASSUNTO - THESAGRO | |
| Cabeçalho tópico ou nome geográfico | MELASTOMATACEAE |
| 650 ## - ASSUNTO - THESAGRO | |
| Cabeçalho tópico ou nome geográfico | TAXONOMIA |
| 773 0# - ENTRADA ANALÍTICA | |
| Host Biblionumber | 709 |
| Registro do item | 359346 |
| Imprenta | Rio de Janeiro-RJ Jardim Botanico do Rio de Janeiro 1935 |
| Outro identificador | 2025-7320 |
| Título | Rodriguésia (Brazil) |
| ISSN | 0370-6583; 2175-7860 on-line |
| Colação | v. 75 p. 1-15; (2024) |
| Número de controle de registro | BR2025007401 |
| 856 ## - ACESSO E ENDEREÇO ELETRÔNICO | |
| Identificador uniforme de recurso - URI | https://www.scielo.br/j/rod/a/6hhSxQhwjHcJ7D58yG7YYXN/?format=pdf&lang=en |
Nenhum exemplar disponível.

BINAGRI